Real wage rigidities, fiscal policy, and the stability of EMU in the transition phase

Salvato in:
Dettagli Bibliografici
Autore principale: Berthold, Norbert
Altri autori: Fehn, Rainer, Thode, Eric
Natura: Libro
Lingua:inglese
Pubblicazione: Washington IMF 1999
Serie:IMF working paper W/99/83
Soggetti:
Tags: Aggiungi Tag
Nessun Tag, puoi essere il primo ad aggiungerne!!

MARC

LEADER 00000nam a2200000 4500
001 c116279
005 20221221083426.8
041 0 |a eng 
044 |a US 
245 1 0 |a Real wage rigidities, fiscal policy, and the stability of EMU in the transition phase  |c Prepared by Norbert Berthold, Rainer Fehn, and Eric Thode 
264 1 |a Washington  |b IMF  |c 1999 
300 |a 33 s. 
490 1 |a IMF working paper  |v W/99/83 
830 0 |a IMF working paper  |v W/99/83 
610 2 0 |a mzdy 
610 2 0 |a mzdy reálne 
610 2 0 |a politika fiškálna 
610 2 0 |a Európska únia 
610 2 0 |a Európske spoločenstvá 
610 2 0 |a Európska menová únia 
610 2 0 |a stabilita meny 
610 2 0 |a transformácia 
610 2 0 |a trh práce 
610 2 0 |a nezamestnanosť 
610 2 0 |a politika peňažná 
610 2 0 |a reformy hospodárske 
100 1 |a Berthold, Norbert 
700 1 |a Fehn, Rainer 
700 1 |a Thode, Eric